Word Scramble - Languages - Statistics

General Stats
  • This quiz has been taken 66 times
  • The average score is 13 of 15
Answer Stats
Hint Answer % Correct
dnihi Hindi
100%
sipolh Polish
98%
pjanesae Japanese
96%
etuporgsue Portuguese
96%
hiat Thai
94%
ssrunia Russian
92%
druu Urdu
92%
nisphas Spanish
84%
shikurt Turkish
84%
cbiara Arabic
80%
glotgaa Tagalog
73%
lmiat Tamil
71%
escnatoen Cantonese
69%
gbnelia Bengali
63%
sipearn Persian
61%
No matching quizzes found
Score Distribution
Percent of People with Each Score
Percentile by Number Answered
Your Score History
You have not taken this quiz